000 00409nam a22001577a 4500
999 _c254873
_d254872
003 OSt
005 20230913144243.0
008 160729b xxu||||| |||| 00| 0 eng d
020 _a9780393060973
040 _cN/A
100 _aMeier Andrew
245 _aLlost spy:
_bAn american in stalins secret service
250 _a1st Edition
260 _aNew York
_bW.W. Norton &Company LTD
_c2008
942 _2lcc
_cBK